000 00495nam a22001817a 4500
003 OSt
020 _a0521215196
082 _a595.796
_bBRI/PR
245 _aProduction ecology of ants and termites
260 _aLondon
_bCambridge university press
_c1978
300 _a409p.
440 _aInternational Biological Programme
_vV.13
546 _aEnglish
650 _aProduction by ants and termites
650 _aNutrient dynamics of termites
700 _aBrian, M V
942 _2ddc
_cREF
999 _c162557
_d162557